Third handbook of psychological and social instruments (Record no. 3915)
[ view plain ]
| 000 -LEADER | |
|---|---|
| fixed length control field | 00579nam a2200169Ia 4500 |
| 020 ## - INTERNATIONAL STANDARD BOOK NUMBER | |
| ISBN | 81-7022-654-6 |
| 082 ## - DEWEY DECIMAL CLASSIFICATION NUMBER | |
| Classification number | RR 150.1943 THI- |
| 245 #0 - TITLE STATEMENT | |
| Title | Third handbook of psychological and social instruments |
| 260 ## - PUBLICATION, DISTRIBUTION, ETC. (IMPRINT) | |
| Place of publication | New Delhi |
| Name of publisher | Concept Publishing |
| Year of publication | 2003 |
| 440 ## - SERIES STATEMENT/ADDED ENTRY--TITLE | |
| Title | Concepts in communication informatics and librarianship |
| 500 ## - GENERAL NOTE | |
| General note | Contents: 2Vols. Vol 1(x, 285p.) - v2(x, 620p.) |
| 504 ## - BIBLIOGRAPHY, ETC. NOTE | |
| Bibliography, etc | includes index |
| 650 ## - SUBJECT ADDED ENTRY--TOPICAL TERM | |
| Topical Term | Behaviorism (Psychology) - Handbooks, manuals, etc. |
| 650 ## - SUBJECT ADDED ENTRY--TOPICAL TERM | |
| Topical Term | Psychology - Handbooks, manuals, etc. |
| 700 ## - ADDED ENTRY--PERSONAL NAME | |
| Personal name | Pestonjee, D.M. |
| 942 ## - ADDED ENTRY ELEMENTS (KOHA) | |
| Koha item type | Books |
| Withdrawn status | Lost status | Damaged status | Not for loan | Home library | Current library | Date acquired | Source of acquisition | Bill Date | Full call number | Accession Number | Price effective from | Koha item type |
|---|---|---|---|---|---|---|---|---|---|---|---|---|
| NASSDOC Library | NASSDOC Library | 02/12/2004 | BALAJI | 2004-10-22 | RR 150.1943 THI- | 40291 | 18/04/2019 | Books | ||||
| NASSDOC Library | NASSDOC Library | 02/12/2004 | BALAJI | 2004-10-22 | RR 150.1943 THI- | 40292 | 18/04/2019 | Books |
